000 00699nam a2200205 i 4500
001 100644
003 ES-MaACL
005 20250801090226.0
007 t|
008 051004s1973 sp ||||1| spa d
080 _a821.134.2-32"19"
100 1 _aDíez, Luis Mateo,
_d1942-
_944658
245 1 0 _aMemorial de hierbas /
_cLuis Mateo Díez.
260 _aMadrid :
_bEmesa [Magisterio Español],
_c1973.
300 _a152 p., 1 retr. autor ;
_c18 cm.
490 1 _aNovelas y cuentos ;
_v125. Literatura española. Narraciones siglo XX
830 1 0 _aNovelas y cuentos
_v125. Literatura española. Narraciones siglo XX
_9179596
852 _aES-MaACL
_jC-53694
999 _c100644
_d100644